Исследование модификации свойств наводороженных металлов вихретоковым методом; Вестник Челябинского государственного педагогического университета; № 6
| Parent link: | Вестник Челябинского государственного педагогического университета.— , 1995- № 6.— 2012.— С. 268-276 |
|---|---|
| 1. autor: | |
| Kolejni autorzy: | , |
| Streszczenie: | Показано, что поверхность легких сплавов на основе титана под действием ионизирующего излучения приобретает ряд свойств, относящихся к процессам их наводороживания. В этом случае может образоваться пленка, препятствующая проникновению водорода в основной объем металла, возрастает микротвердость. При этом основной объем сплава сохраняет прежнюю структуру. Вместе с тем наводороживание ведет к возникновению микродефектов поверхностного слоя. Их свойства могут быть исследованы вихревыми токами на частотах от 1 кГц до 1 МГц. Активная и реактивная составляющие сопротивления вихревым токам позволяют получать дополняющую информацию о структуре поверхностной пленки. В фонде НТБ ТПУ отсутствует |
| Język: | rosyjski |
| Wydane: |
2012
|
| Hasła przedmiotowe: | |
| Format: | MixedMaterials Rozdział |
| KOHA link: | https://koha.lib.tpu.ru/cgi-bin/koha/opac-detail.pl?biblionumber=598777 |
MARC
| LEADER | 00000naa0a2200000 4500 | ||
|---|---|---|---|
| 001 | 598777 | ||
| 005 | 20250712062932.0 | ||
| 035 | |a (RuTPU)RU\TPU\tpu\22562 | ||
| 035 | |a RU\TPU\tpu\22560 | ||
| 090 | |a 598777 | ||
| 100 | |a 20130127d2012 k||y0rusy50 ca | ||
| 101 | 0 | |a rus | |
| 102 | |a RU | ||
| 200 | 1 | |a Исследование модификации свойств наводороженных металлов вихретоковым методом |f В. В. Ларионов, Е. В. Лисичко, А. М. Лидер | |
| 320 | |a Библиогр.: с. 275-276 (11 назв.) | ||
| 330 | |a Показано, что поверхность легких сплавов на основе титана под действием ионизирующего излучения приобретает ряд свойств, относящихся к процессам их наводороживания. В этом случае может образоваться пленка, препятствующая проникновению водорода в основной объем металла, возрастает микротвердость. При этом основной объем сплава сохраняет прежнюю структуру. Вместе с тем наводороживание ведет к возникновению микродефектов поверхностного слоя. Их свойства могут быть исследованы вихревыми токами на частотах от 1 кГц до 1 МГц. Активная и реактивная составляющие сопротивления вихревым токам позволяют получать дополняющую информацию о структуре поверхностной пленки. | ||
| 333 | |a В фонде НТБ ТПУ отсутствует | ||
| 461 | |t Вестник Челябинского государственного педагогического университета |d 1995- | ||
| 463 | |t № 6 |v С. 268-276 |d 2012 | ||
| 610 | 1 | |a труды учёных ТПУ | |
| 700 | 1 | |a Ларионов |b В. В. |c физик |c профессор Томского политехнического университета, доктор педагогических наук |f 1945- |g Виталий Васильевич |3 (RuTPU)RU\TPU\pers\25193 |9 11273 | |
| 701 | 1 | |a Лисичко |b Е. В. |c физик |c доцент Томского политехнического университета, кандидат педагогических наук |f 1972- |g Елена Владимировна |3 (RuTPU)RU\TPU\pers\28369 |4 070 |9 13260 | |
| 701 | 1 | |a Лидер |b А. М. |c физик |c профессор Томского политехнического университета, доктор технических наук |f 1976-2025 |g Андрей Маркович |y Томск |3 (RuTPU)RU\TPU\pers\25616 |4 070 |9 11545 | |
| 801 | 1 | |a RU |b 63413507 |c 20120620 | |
| 801 | 2 | |a RU |b 63413507 |c 20130127 |g RCR | |
| 942 | |c CR | ||